[Event "35t. Copenhagen Open (Politiken Cup)"]
[Site "Elsinore"]
[Date "2013.07.27"]
[Round "1"]
[White "Kistrup, Nicolai"]
[Black "Jepsen, Thomas Tange"]
[Result "0-1"]
[WhiteElo "1623"]
[BlackElo "2079"]
[PlyCount "54"]
[EventDate "2013.07.27"]
[EventType "swiss"]
[EventRounds "10"]
[EventCountry "DEN"]
[Source "ChessBase"]
[SourceDate "2013.08.26"]

1. d4 d5 2. c4 c6 3. e3 Nf6 4. Nc3 a6 5. Nf3 b5 6. cxd5 cxd5 7. Bd3 Bg4 8. O-O
e6 9. e4 dxe4 10. Nxe4 Be7 11. Be3 Nbd7 12. Rc1 Nd5 13. Qe2 O-O 14. Nc3 N7f6
15. h3 Bh5 16. Ne4 Rc8 17. Rxc8 Qxc8 18. Rc1 Qb8 19. Nc5 Nf4 20. Qd1 Bxc5 21.
Rxc5 Bxf3 22. gxf3 Nxh3+ 23. Kg2 Nf4+ 24. Bxf4 Qxf4 25. Re5 g6 26. Bb1 Rd8 27.
Rc5 Qxd4 0-1

[Event "35t. Copenhagen Open (Politiken Cup)"]
[Site "Elsinore"]
[Date "2013.07.27"]
[Round "1"]
[White "Klitgaard, Ebbe"]
[Black "Danielsen, Henrik"]
[Result "0-1"]
[WhiteElo "1935"]
[BlackElo "2510"]
[PlyCount "72"]
[EventDate "2013.07.27"]
[EventType "swiss"]
[EventRounds "10"]
[EventCountry "DEN"]
[Source "ChessBase"]
[SourceDate "2013.08.26"]

1. c4 g6 2. Nc3 Bg7 3. g3 Nc6 4. Bg2 d6 5. Nf3 e5 6. e4 Nge7 7. O-O O-O 8. d3
f5 9. exf5 Bxf5 10. Nh4 Be6 11. f4 Qd7 12. Be3 exf4 13. Rxf4 d5 14. cxd5 Nxd5
15. Nxd5 Bxd5 16. Qg4 Qd6 17. Rxf8+ Rxf8 18. Bxd5+ Qxd5 19. Qc4 Qxc4 20. dxc4
Bxb2 21. Rb1 Bd4 22. Bxd4 Nxd4 23. Rxb7 g5 24. Rxa7 gxh4 25. gxh4 Ne6 26. a4
Rf4 27. c5 Rxh4 28. a5 Ra4 29. c6 Kf7 30. a6 Ke7 31. Ra8 Ra2 32. a7 Nd8 33. h4
h5 34. Kh1 Ra5 35. Kg2 Nxc6 36. Rh8 Nxa7 0-1

[Event "35t. Copenhagen Open (Politiken Cup)"]
[Site "Elsinore"]
[Date "2013.07.27"]
[Round "1"]
[White "Knudsen, Jes West"]
[Black "Nilssen, John Arni"]
[Result "0-1"]
[WhiteElo "1886"]
[BlackElo "2353"]
[PlyCount "78"]
[EventDate "2013.07.27"]
[EventType "swiss"]
[EventRounds "10"]
[EventCountry "DEN"]
[Source "ChessBase"]
[SourceDate "2013.08.26"]

1. e4 c5 2. Nf3 Nc6 3. b4 cxb4 4. d4 d5 5. exd5 Qxd5 6. c4 bxc3 7. Nxc3 Qa5 8.
Rb1 e6 9. Bd2 Nf6 10. Bc4 Bb4 11. Rb3 O-O 12. a3 Bxc3 13. Bxc3 Qd8 14. O-O Nd5
15. Bd3 f5 16. Ba1 Qd6 17. Ne5 Nxe5 18. dxe5 Qe7 19. Bb1 b6 20. Rg3 Ba6 21. Re1
Rac8 22. Qa4 Bc4 23. h4 b5 24. Qa5 Nf4 25. Bc3 Qxh4 26. Qxa7 Rf7 27. Qa6 Rd8
28. Ba5 Rfd7 29. Bc2 Re8 30. Qc6 Qe7 31. Bb4 Qf7 32. Qf3 Ng6 33. Bd6 Bd5 34.
Qc3 Rdd8 35. Qb4 Rc8 36. Rc3 Rxc3 37. Qxc3 Nf4 38. Bb3 Bxg2 39. Qg3 Qh5 0-1

[Event "35t. Copenhagen Open (Politiken Cup)"]
[Site "Elsinore"]
[Date "2013.07.27"]
[Round "1"]
[White "Kopperberg, Steen"]
[Black "Royset, Pal"]
[Result "0-1"]
[WhiteElo "1777"]
[BlackElo "2170"]
[PlyCount "56"]
[EventDate "2013.07.27"]
[EventType "swiss"]
[EventRounds "10"]
[EventCountry "DEN"]
[Source "ChessBase"]
[SourceDate "2013.08.26"]

1. d4 c5 2. Nf3 cxd4 3. Nxd4 d5 4. c3 e5 5. Nf3 e4 6. Nd4 Nc6 7. Qa4 Bd7 8. Qb3
Qc8 9. Bd2 Nf6 10. e3 Na5 11. Qc2 a6 12. a4 Bd6 13. Na3 Qc7 14. b4 Nc6 15. Nxc6
Qxc6 16. a5 Qc7 17. h3 Be5 18. Rc1 O-O 19. c4 d4 20. exd4 Bxd4 21. Bc3 Bxc3+
22. Qxc3 e3 23. Bd3 exf2+ 24. Kxf2 Qf4+ 25. Kg1 Rae8 26. Rf1 Qe3+ 27. Kh2 Re6
28. Nc2 Ng4+ 0-1

[Event "35t. Copenhagen Open (Politiken Cup)"]
[Site "Elsinore"]
[Date "2013.07.27"]
[Round "1"]
[White "Kristensen, Thomas Overgaard"]
[Black "Nielsen, Jan Mose"]
[Result "0-1"]
[WhiteElo "1645"]
[BlackElo "2088"]
[PlyCount "55"]
[EventDate "2013.07.27"]
[EventType "swiss"]
[EventRounds "10"]
[EventCountry "DEN"]
[Source "ChessBase"]
[SourceDate "2013.08.26"]

1. d4 Nf6 2. c4 e6 3. Nc3 Bb4 4. e3 b6 5. Bd3 Bb7 6. Nge2 Bxg2 7. Rg1 Bf3 8.
Rxg7 Nh5 9. Rxh7 Rxh7 10. Bxh7 Qh4 11. Kd2 Qxf2 12. Bd3 Nc6 13. a3 Bxc3+ 14.
bxc3 Nf6 15. a4 Na5 16. Rb1 Ng4 17. Kc2 Qxh2 18. Qf1 Bc6 19. Ra1 Nf2 20. Qg1
Qxg1 21. Nxg1 Nxd3 22. Kxd3 f5 23. Ra3 Be4+ 24. Ke2 Nxc4 25. Ra2 Kf7 26. Nh3
Rg8 27. Nf4 Rg1 28. Ba3 0-1

[Event "35t. Copenhagen Open (Politiken Cup)"]
[Site "Elsinore"]
[Date "2013.07.27"]
[Round "1"]
[White "Haagen Larsen, Hans"]
[Black "Kristensen, Kjell Ole"]
[Result "0-1"]
[WhiteElo "1712"]
[BlackElo "2141"]
[PlyCount "58"]
[EventDate "2013.07.27"]
[EventType "swiss"]
[EventRounds "10"]
[EventCountry "DEN"]
[Source "ChessBase"]
[SourceDate "2013.08.26"]

1. d4 Nf6 2. Nf3 c5 3. d5 b5 4. Bg5 Ne4 5. Bf4 Qa5+ 6. c3 Bb7 7. Qd3 Nf6 8. e4
c4 9. Qe2 d6 10. Nd4 Nbd7 11. Nd2 g6 12. b4 Qa4 13. g3 Ne5 14. Bxe5 dxe5 15.
Nxb5 Qxb5 16. a4 Qd7 17. Qxc4 e6 18. dxe6 fxe6 19. Qb5 Nxe4 20. Qxd7+ Kxd7 21.
Bg2 Nd6 22. O-O Bxg2 23. Kxg2 Rc8 24. Rac1 Bh6 25. Rfd1 Ke7 26. Rc2 e4 27. c4
Rhd8 28. c5 Nf5 29. g4 Nh4+ 0-1

[Event "35t. Copenhagen Open (Politiken Cup)"]
[Site "Elsinore"]
[Date "2013.07.27"]
[Round "1"]
[White "Larsen, Jens Evald"]
[Black "Taksrud, Vidar"]
[Result "0-1"]
[WhiteElo "1533"]
[BlackElo "2050"]
[PlyCount "98"]
[EventDate "2013.07.27"]
[EventType "swiss"]
[EventRounds "10"]
[EventCountry "DEN"]
[Source "ChessBase"]
[SourceDate "2013.08.26"]

1. d4 Nf6 2. c4 e6 3. Nf3 b6 4. g3 Bb7 5. Bg2 Bb4+ 6. Bd2 Bxd2+ 7. Nbxd2 c5 8.
e3 O-O 9. O-O d6 10. Qc2 Nbd7 11. Ne1 Bxg2 12. Kxg2 Rc8 13. Nd3 d5 14. dxc5
Nxc5 15. Nxc5 Rxc5 16. b3 dxc4 17. bxc4 Qa8+ 18. Kg1 Rfc8 19. Qb3 Ng4 20. Rfd1
Nxh2 21. Qd3 h6 22. Qe4 Qxe4 23. Nxe4 Re5 24. Nd6 Rc6 25. Kxh2 Kf8 26. Rd4 a6
27. Rad1 Ra5 28. Ne4 f5 29. Rd6 Rxc4 30. Rd8+ Kf7 31. Nd6+ Kf6 32. Nxc4 Rxa2
33. Nxb6 Rxf2+ 34. Kg1 Rf3 35. Ra1 Kg5 36. Kg2 Rxe3 37. Rf1 Rb3 38. Rd6 e5 39.
Nd7 e4 40. Rd5 g6 41. Rf4 Rb2+ 42. Kh3 h5 43. Ne5 Kf6 44. Nd7+ Ke6 45. Rd1 g5
46. Rff1 e3 47. Nc5+ Kf6 48. Rd3 g4+ 49. Kh4 Rh2# 0-1

[Event "35t. Copenhagen Open (Politiken Cup)"]
[Site "Elsinore"]
[Date "2013.07.27"]
[Round "1"]
[White "Larsen, Preben R"]
[Black "Gandrud, Vegar Koi"]
[Result "0-1"]
[WhiteElo "1836"]
[BlackElo "2267"]
[PlyCount "56"]
[EventDate "2013.07.27"]
[EventType "swiss"]
[EventRounds "10"]
[EventCountry "DEN"]
[Source "ChessBase"]
[SourceDate "2013.08.26"]

1. e4 c5 2. Nf3 d6 3. d4 cxd4 4. Nxd4 Nf6 5. Nc3 a6 6. Be2 e5 7. Nb3 Be7 8. Be3
Be6 9. Nd5 Nbd7 10. Nxe7 Qxe7 11. f3 d5 12. exd5 Nxd5 13. Bf2 Nf4 14. O-O O-O
15. Be3 Qg5 16. Bxf4 Qxf4 17. Qd2 Qxd2 18. Nxd2 Rac8 19. Rfc1 Nf6 20. Bd3 Nd5
21. a3 Nf4 22. Bf1 Rfd8 23. Ne4 Bf5 24. g3 Bxe4 25. fxe4 Ne6 26. Bd3 Nc5 27.
Kf2 Rxd3 28. cxd3 Nxd3+ 0-1

[Event "35t. Copenhagen Open (Politiken Cup)"]
[Site "Elsinore"]
[Date "2013.07.27"]
[Round "1"]
[White "Leutwyler, Martin"]
[Black "Hansen, Tommy"]
[Result "1-0"]
[WhiteElo "2180"]
[BlackElo "1804"]
[PlyCount "23"]
[EventDate "2013.07.27"]
[EventType "swiss"]
[EventRounds "10"]
[EventCountry "DEN"]
[Source "ChessBase"]
[SourceDate "2013.08.26"]

1. d4 Nf6 2. Nf3 c5 3. d5 b5 4. Bg5 Qb6 5. Bxf6 Qxf6 6. c3 d6 7. e4 a6 8. a4 b4
9. a5 g6 10. Qc2 Bg7 11. cxb4 cxb4 12. Qxc8# 1-0

[Event "35t. Copenhagen Open (Politiken Cup)"]
[Site "Elsinore"]
[Date "2013.07.27"]
[Round "1"]
[White "Louis, Thibault"]
[Black "Christophersen, David"]
[Result "1-0"]
[WhiteElo "2222"]
[BlackElo "1818"]
[PlyCount "79"]
[EventDate "2013.07.27"]
[EventType "swiss"]
[EventRounds "10"]
[EventCountry "DEN"]
[Source "ChessBase"]
[SourceDate "2013.08.26"]

1. e4 d6 2. d4 Nf6 3. Nc3 g6 4. f4 Bg7 5. Nf3 c5 6. dxc5 Qa5 7. Qd4 Nc6 8. Qc4
Nxe4 9. Qxe4 Bxc3+ 10. Nd2 Bf5 11. Qc4 Nd4 12. Qxc3 Qxc3 13. bxc3 Nxc2+ 14. Kf2
Nxa1 15. Bb5+ Kd8 16. Bb2 Nc2 17. Rc1 dxc5 18. Ba4 b5 19. Bxc2 Bxc2 20. Rxc2 c4
21. Nf3 Kc7 22. Ba3 Rhe8 23. Bc5 Kc6 24. Be3 Kb7 25. Rb2 Ka6 26. Rb4 Red8 27.
a4 Rd3 28. Bd4 Rb8 29. Ke2 Ka5 30. Ne5 Rxd4 31. Nc6+ Kb6 32. Nxd4 a6 33. axb5
a5 34. Rxc4 Ra8 35. Rc6+ Kb7 36. Nb3 a4 37. Nc5+ Kb8 38. Ra6 a3 39. Rxa8+ Kxa8
40. Nb3 1-0

[Event "35t. Copenhagen Open (Politiken Cup)"]
[Site "Elsinore"]
[Date "2013.07.27"]
[Round "1"]
[White "Lund, Silas"]
[Black "Madsen, Ole Rysgaard"]
[Result "1-0"]
[WhiteElo "2421"]
[BlackElo "1919"]
[PlyCount "71"]
[EventDate "2013.07.27"]
[EventType "swiss"]
[EventRounds "10"]
[EventCountry "DEN"]
[Source "ChessBase"]
[SourceDate "2013.08.26"]

1. d4 Nf6 2. c4 g6 3. Nc3 d5 4. Nf3 Bg7 5. Bg5 Ne4 6. cxd5 Nxg5 7. Nxg5 e6 8.
Nf3 exd5 9. e3 c6 10. Be2 Nd7 11. O-O O-O 12. Rc1 Nf6 13. b4 a6 14. a4 Qd6 15.
b5 axb5 16. axb5 Ra5 17. bxc6 bxc6 18. Ne5 c5 19. Nb5 Rxb5 20. Bxb5 c4 21. Ba4
Ne4 22. Bc2 Ng5 23. f4 Ne6 24. Ra1 f6 25. Nxg6 hxg6 26. Bxg6 Rd8 27. Ra7 Rd7
28. Ra8 Rd8 29. Qg4 Bd7 30. Rfa1 Rxa8 31. Rxa8+ Bf8 32. Be8+ Kh8 33. Qh5+ Kg7
34. Qg6+ Kh8 35. Bf7 Ng7 36. Qh6# 1-0

[Event "35t. Copenhagen Open (Politiken Cup)"]
[Site "Elsinore"]
[Date "2013.07.27"]
[Round "1"]
[White "Maagaard, David Bille"]
[Black "Fossan, Petter"]
[Result "0-1"]
[WhiteElo "1821"]
[BlackElo "2245"]
[PlyCount "100"]
[EventDate "2013.07.27"]
[EventType "swiss"]
[EventRounds "10"]
[EventCountry "DEN"]
[Source "ChessBase"]
[SourceDate "2013.08.26"]

1. d4 g6 2. c4 Bg7 3. Nc3 d6 4. e4 Nf6 5. Bd3 O-O 6. Nge2 Nc6 7. Bg5 h6 8. Bh4
e5 9. d5 Nd4 10. b4 a5 11. b5 b6 12. Nxd4 exd4 13. Ne2 g5 14. Bg3 Nh5 15. Rc1
Qf6 16. Bb1 Bd7 17. Qd3 Rfe8 18. O-O Nf4 19. Bxf4 gxf4 20. Qf3 Qg5 21. Qxf4 f5
22. Qxg5 hxg5 23. Ng3 f4 24. Ne2 f3 25. gxf3 Kf7 26. Rfd1 Rh8 27. Rd3 Rh3 28.
f4 Rxd3 29. Bxd3 gxf4 30. Nxf4 Bh6 31. Ne2 Rg8+ 32. Kf1 Bh3+ 33. Ke1 Bxc1 34.
Nxc1 Rg1+ 35. Kd2 Rg2 36. Ke1 Rg1+ 37. Kd2 Rg2 38. Ke1 Rxh2 39. a4 Rh1+ 40. Kd2
Rh2 41. Ke1 Kf6 42. Ne2 Bg4 43. Nxd4 Ke5 44. Nc2 Rh1+ 45. Kd2 Bd1 46. f4+ Kxf4
47. Nd4 Bg4 48. Ne6+ Bxe6 49. dxe6 Ke5 50. e7 Rh8 0-1

[Event "35t. Copenhagen Open (Politiken Cup)"]
[Site "Elsinore"]
[Date "2013.07.27"]
[Round "1"]
[White "Madison, Sigurd"]
[Black "Vistisen, Lars"]
[Result "0-1"]
[WhiteElo "1792"]
[BlackElo "2177"]
[PlyCount "52"]
[EventDate "2013.07.27"]
[EventType "swiss"]
[EventRounds "10"]
[EventCountry "DEN"]
[Source "ChessBase"]
[SourceDate "2013.08.26"]

1. e4 e5 2. Nf3 Nc6 3. Bb5 f5 4. d3 fxe4 5. dxe4 Nf6 6. Nc3 Bc5 7. O-O d6 8.
Bg5 O-O 9. Nd5 Kh8 10. Nh4 Ne7 11. Nxf6 gxf6 12. Bh6 Rg8 13. Bc4 Rg4 14. Qf3 f5
15. Nxf5 Nxf5 16. exf5 Rh4 17. Bd2 Rxc4 18. c3 Qf6 19. g4 Bd7 20. b3 Rxg4+ 21.
Qxg4 Rg8 22. Qxg8+ Kxg8 23. b4 Bc6 24. Rfe1 Qg7+ 25. Kf1 Qg2+ 26. Ke2 Qf3+ 0-1

[Event "35t. Copenhagen Open (Politiken Cup)"]
[Site "Elsinore"]
[Date "2013.07.27"]
[Round "1"]
[White "Marshall, Michael"]
[Black "Larsen, Karsten"]
[Result "0-1"]
[WhiteElo "1839"]
[BlackElo "2270"]
[PlyCount "80"]
[EventDate "2013.07.27"]
[EventType "swiss"]
[EventRounds "10"]
[EventCountry "DEN"]
[Source "ChessBase"]
[SourceDate "2013.08.26"]

1. c4 g6 2. g3 Bg7 3. Bg2 e5 4. Nc3 f5 5. d3 Nf6 6. e4 O-O 7. Nge2 Nc6 8. O-O
d6 9. a3 a5 10. Rb1 Be6 11. Nd5 Qd7 12. f3 a4 13. b4 axb3 14. Rxb3 b6 15. Be3
fxe4 16. dxe4 Na5 17. Rb4 Nb7 18. a4 Ra6 19. Nec3 Rf7 20. Nb5 Ne8 21. Qc2 Nc5
22. Nbc3 Qd8 23. Rfb1 Bd7 24. Qd1 Qa8 25. Ra1 Qd8 26. Rab1 h6 27. Qd2 Kh7 28.
Qd1 Nf6 29. Nxf6+ Bxf6 30. Nb5 Be6 31. Nc3 Bg5 32. Bxg5 Qxg5 33. Nd5 Bxd5 34.
Qxd5 Qe3+ 35. Kh1 Kg7 36. R4b2 Nd3 37. Ra2 Nf2+ 38. Kg1 Nxe4+ 39. Kf1 Nc3 40.
Qb7 Nxa2 0-1

[Event "35t. Copenhagen Open (Politiken Cup)"]
[Site "Elsinore"]
[Date "2013.07.27"]
[Round "1"]
[White "Martinez Vestergaard, Kristian"]
[Black "Schou Moldt, Thomas"]
[Result "0-1"]
[WhiteElo "1809"]
[BlackElo "2202"]
[PlyCount "64"]
[EventDate "2013.07.27"]
[EventType "swiss"]
[EventRounds "10"]
[EventCountry "DEN"]
[Source "ChessBase"]
[SourceDate "2013.08.26"]

1. e4 d6 2. d4 g6 3. f4 Bg7 4. Nf3 Nf6 5. Nc3 O-O 6. Bd3 Nc6 7. O-O e5 8. dxe5
dxe5 9. f5 Nb4 10. fxg6 hxg6 11. Bg5 Nxd3 12. cxd3 Qd6 13. d4 Nh7 14. Bh4 Bg4
15. Nd5 Rae8 16. Be1 exd4 17. Qc2 c5 18. Bg3 Qc6 19. Rad1 Bxf3 20. gxf3 Nf6 21.
Nf4 Nd7 22. h4 Be5 23. Ne2 Nf6 24. f4 Bb8 25. e5 Ng4 26. Bf2 f5 27. Qb3+ c4 28.
Qh3 d3 29. Ng3 Rf7 30. Bd4 Rd8 31. Bc3 a6 32. a3 Ba7+ 0-1

[Event "35t. Copenhagen Open (Politiken Cup)"]
[Site "Elsinore"]
[Date "2013.07.27"]
[Round "1"]
[White "Maze, Sebastien"]
[Black "Roggensack, Hans Peter"]
[Result "1-0"]
[WhiteElo "2547"]
[BlackElo "1950"]
[PlyCount "45"]
[EventDate "2013.07.27"]
[EventType "swiss"]
[EventRounds "10"]
[EventCountry "DEN"]
[Source "ChessBase"]
[SourceDate "2013.08.26"]

1. e4 e5 2. Nf3 Nf6 3. d4 Nxe4 4. dxe5 d5 5. Nbd2 Nxd2 6. Qxd2 Be7 7. Bd3 Be6
8. Nd4 Nd7 9. f4 Nc5 10. f5 Nxd3+ 11. Qxd3 Bc8 12. O-O f6 13. e6 O-O 14. Bf4 c6
15. Qg3 Kh8 16. Qh4 Qe8 17. Rf3 g5 18. fxg6 Qxg6 19. Re1 Bc5 20. c3 b6 21. Rg3
Qf5 22. e7 Re8 23. Qh6 1-0

[Event "35t. Copenhagen Open (Politiken Cup)"]
[Site "Elsinore"]
[Date "2013.07.27"]
[Round "1"]
[White "Melkumyan, Hrant"]
[Black "Skovgaard, Tom"]
[Result "1-0"]
[WhiteElo "2632"]
[BlackElo "1962"]
[PlyCount "105"]
[EventDate "2013.07.27"]
[EventType "swiss"]
[EventRounds "10"]
[EventCountry "DEN"]
[Source "ChessBase"]
[SourceDate "2013.08.26"]

1. c4 e5 2. Nc3 Nf6 3. Nf3 Nc6 4. g3 Bb4 5. Bg2 O-O 6. O-O Re8 7. d3 Bxc3 8.
bxc3 e4 9. Nd4 Nxd4 10. cxd4 h6 11. d5 d6 12. Bb2 Bf5 13. dxe4 Bxe4 14. f3 Bg6
15. e4 Nd7 16. Qd4 f6 17. Rae1 a5 18. f4 Ra6 19. g4 c6 20. Rf3 Qb6 21. Rb3
Qxd4+ 22. Bxd4 c5 23. Bf2 Rb6 24. Bg3 Rxb3 25. axb3 Bf7 26. Kf2 Ra8 27. Ra1 Ra6
28. Bf3 Nb6 29. Bd1 Be8 30. e5 fxe5 31. fxe5 dxe5 32. Bxe5 a4 33. Ke2 Bd7 34.
h3 h5 35. gxh5 Bxh3 36. Kf3 axb3 37. Rxa6 bxa6 38. Bxb3 Bf1 39. d6 Kf7 40. Kf4
Bxc4 41. Bxc4+ Nxc4 42. d7 Ke7 43. Bxg7 Kxd7 44. h6 Nd6 45. h7 Nf7 46. Kf5 Ke7
47. Bc3 Kf8 48. Kf6 Ke8 49. Ba5 c4 50. Bb4 Nh8 51. Kg7 Nf7 52. Ba5 Ke7 53. Bc3
1-0

[Event "35t. Copenhagen Open (Politiken Cup)"]
[Site "Elsinore"]
[Date "2013.07.27"]
[Round "1"]
[White "Molvig, Henrik"]
[Black "Tryggestad, Andreas Garberg"]
[Result "1/2-1/2"]
[WhiteElo "2167"]
[BlackElo "1774"]
[PlyCount "53"]
[EventDate "2013.07.27"]
[EventType "swiss"]
[EventRounds "10"]
[EventCountry "DEN"]
[Source "ChessBase"]
[SourceDate "2013.08.26"]

1. d4 Nf6 2. c4 g6 3. Nc3 d5 4. cxd5 Nxd5 5. Bd2 Bg7 6. e4 Nxc3 7. Bxc3 O-O 8.
Rc1 c5 9. dxc5 Qxd1+ 10. Kxd1 Rd8+ 11. Ke1 Be6 12. Bxg7 Kxg7 13. a3 Rd4 14. f3
Nd7 15. Bb5 Ne5 16. Ne2 Rdd8 17. Nf4 Bb3 18. Ke2 a6 19. Rc3 Ba2 20. Ra1 axb5
21. Rxa2 b4 22. Rc1 Nc6 23. Rc4 Nd4+ 24. Kf2 Nc6 25. Ke1 Nd4 26. Ra1 Nb3 27.
Rd1 1/2-1/2

[Event "35t. Copenhagen Open (Politiken Cup)"]
[Site "Elsinore"]
[Date "2013.07.27"]
[Round "1"]
[White "Molvig, Julius"]
[Black "Tari, Aryan"]
[Result "0-1"]
[WhiteElo "1889"]
[BlackElo "2383"]
[PlyCount "60"]
[EventDate "2013.07.27"]
[EventType "swiss"]
[EventRounds "10"]
[EventCountry "DEN"]
[Source "ChessBase"]
[SourceDate "2013.08.26"]

1. d4 d5 2. c4 dxc4 3. Nf3 Nf6 4. Nc3 a6 5. a4 Nc6 6. e4 Bg4 7. Be3 Bxf3 8.
gxf3 e5 9. dxe5 Nxe5 10. Be2 Bb4 11. O-O O-O 12. Qc2 Qd7 13. Kg2 Ng6 14. Bg5
Nh5 15. Nd5 Bd6 16. Rad1 h6 17. f4 hxg5 18. Bxh5 c6 19. Bxg6 Qg4+ 20. Kh1 Qf3+
21. Kg1 cxd5 22. Rxd5 Qxf4 23. Rfd1 Qxh2+ 24. Kf1 Qh3+ 25. Ke2 fxg6 26. Rxd6
Rxf2+ 27. Kxf2 Qh2+ 28. Kf3 Rf8+ 29. Ke3 Qxc2 30. R1d2 Qxa4 0-1

[Event "35t. Copenhagen Open (Politiken Cup)"]
[Site "Elsinore"]
[Date "2013.07.27"]
[Round "1"]
[White "Morkedal, Oyvind"]
[Black "Andersen, Rune"]
[Result "0-1"]
[WhiteElo "1628"]
[BlackElo "2083"]
[PlyCount "80"]
[EventDate "2013.07.27"]
[EventType "swiss"]
[EventRounds "10"]
[EventCountry "DEN"]
[Source "ChessBase"]
[SourceDate "2013.08.26"]

1. e4 c5 2. d4 cxd4 3. c3 Nf6 4. e5 Nd5 5. Qxd4 e6 6. Nf3 Nc6 7. Qd1 Qc7 8. c4
Bb4+ 9. Bd2 Nb6 10. Bxb4 Nxb4 11. a3 Nc6 12. Qd6 Qxd6 13. exd6 Na4 14. b4 a5
15. b5 Nd8 16. Bd3 b6 17. Be4 Bb7 18. Bxb7 Nxb7 19. O-O Nxd6 20. Nbd2 Rc8 21.
Rac1 Ke7 22. Rc2 Nxb5 23. Rfc1 Nd6 24. Nd4 Rc7 25. Nb5 Nxb5 26. cxb5 Nc5 27.
Nc4 Nd3 28. Nxb6 Rb7 29. Nc8+ Rxc8 30. Rxc8 Nxc1 31. Rxc1 Rxb5 32. a4 Rb4 33.
Ra1 d5 34. Kf1 e5 35. Ra2 f5 36. Ke2 Kd6 37. Kd2 d4 38. f3 Kd5 39. Kd3 e4+ 40.
fxe4+ fxe4+ 0-1

[Event "35t. Copenhagen Open (Politiken Cup)"]
[Site "Elsinore"]
[Date "2013.07.27"]
[Round "1"]
[White "Nielsen, Jens Holm"]
[Black "Hobber, Anders"]
[Result "0-1"]
[WhiteElo "1849"]
[BlackElo "2278"]
[PlyCount "72"]
[EventDate "2013.07.27"]
[EventType "swiss"]
[EventRounds "10"]
[EventCountry "DEN"]
[Source "ChessBase"]
[SourceDate "2013.08.26"]

1. Nc3 d5 2. e4 e6 3. f4 dxe4 4. Nxe4 Bd7 5. Nf3 Nf6 6. Nf2 Bd6 7. g3 Bc6 8.
Bg2 Bc5 9. Nd3 Bb6 10. Nde5 O-O 11. d4 Be4 12. Be3 Nd5 13. Bf2 Nb4 14. Nd3
Nxd3+ 15. cxd3 Ba5+ 16. Kf1 Bd5 17. h4 Bb6 18. h5 Nc6 19. h6 g6 20. Rh2 Nxd4
21. Bxd4 Bxd4 22. Qa4 Bxb2 23. Rb1 Bf6 24. g4 Qe8 25. Qb4 a5 26. Qd2 Qa4 27. g5
Bh8 28. Ne5 Rad8 29. Ng4 f6 30. gxf6 Bxf6 31. d4 Bxd4 32. Bxd5 Rxd5 33. Re2 Be5
34. Qxd5 exd5 35. Rxe5 Qxf4+ 36. Nf2 Qxf2# 0-1

[Event "35t. Copenhagen Open (Politiken Cup)"]
[Site "Elsinore"]
[Date "2013.07.27"]
[Round "1"]
[White "Nielsen, Kai Gylling"]
[Black "Nielsen, Lars Aaes"]
[Result "0-1"]
[WhiteElo "1833"]
[BlackElo "2265"]
[PlyCount "80"]
[EventDate "2013.07.27"]
[EventType "swiss"]
[EventRounds "10"]
[EventCountry "DEN"]
[Source "ChessBase"]
[SourceDate "2013.08.26"]

1. d4 e6 2. c4 b6 3. Nc3 Bb7 4. Nf3 Nf6 5. Bg5 Be7 6. e3 h6 7. Bxf6 Bxf6 8. Bd3
c5 9. Ne4 Be7 10. dxc5 bxc5 11. Bc2 Qb6 12. Rb1 f5 13. Nc3 O-O 14. O-O Bf6 15.
e4 Bxc3 16. bxc3 Qa6 17. exf5 Bxf3 18. Qxf3 Nc6 19. Qe4 Rxf5 20. g4 Rf6 21. Rb5
Raf8 22. Rxc5 Qa3 23. Rb5 Qxc3 24. g5 Rf5 25. Rxf5 Rxf5 26. gxh6 gxh6 27. Kh1
Kf7 28. Qd3 Qxd3 29. Bxd3 Ra5 30. Bb1 Rc5 31. Bd3 Ne5 32. Be2 Nxc4 33. Rc1 d5
34. Rc3 Ke7 35. Rh3 Ne5 36. Rxh6 Rc2 37. Rh7+ Kd6 38. Ba6 Rxf2 39. Rxa7 Rxa2
40. Ra8 Nf3 0-1

[Event "35t. Copenhagen Open (Politiken Cup)"]
[Site "Elsinore"]
[Date "2013.07.27"]
[Round "1"]
[White "Nielsen, Leo"]
[Black "Nielsen, John Bauneborg"]
[Result "0-1"]
[WhiteElo "1752"]
[BlackElo "2161"]
[PlyCount "66"]
[EventDate "2013.07.27"]
[EventType "swiss"]
[EventRounds "10"]
[EventCountry "DEN"]
[Source "ChessBase"]
[SourceDate "2013.08.26"]

1. e4 c5 2. Bc4 e6 3. Nf3 Nc6 4. Nc3 a6 5. a4 Nge7 6. d4 d5 7. exd5 exd5 8. Ba2
c4 9. Qe2 Bg4 10. Be3 h6 11. h3 Be6 12. b3 b5 13. O-O b4 14. Nxd5 Nxd5 15. bxc4
Nc3 16. Qd3 Qf6 17. Bd2 Rd8 18. Bxc3 bxc3 19. Rfe1 Nxd4 20. Nxd4 Qxd4 21. Rxe6+
fxe6 22. Qg6+ Kd7 23. Qf7+ Kc6 24. Rb1 Qd1+ 25. Rxd1 Rxd1+ 26. Kh2 Bd6+ 27. f4
Rf8 28. Qxe6 Rxf4 29. Qc8+ Bc7 30. Qxa6+ Kd7 31. Qb5+ Kd8 32. Kg3 Rf5+ 33. Kg4
Rxb5 0-1

[Event "35t. Copenhagen Open (Politiken Cup)"]
[Site "Elsinore"]
[Date "2013.07.27"]
[Round "1"]
[White "Nordin, Eric"]
[Black "Matthiesen, Martin"]
[Result "0-1"]
[WhiteElo "1874"]
[BlackElo "2275"]
[PlyCount "72"]
[EventDate "2013.07.27"]
[EventType "swiss"]
[EventRounds "10"]
[EventCountry "DEN"]
[Source "ChessBase"]
[SourceDate "2013.08.26"]

1. e4 c5 2. Nc3 d6 3. f4 g6 4. Nf3 Bg7 5. Bb5+ Bd7 6. O-O Bxb5 7. Nxb5 Qd7 8.
a4 Nc6 9. c3 Nf6 10. d3 O-O 11. h3 a6 12. Na3 b5 13. Be3 Rab8 14. axb5 axb5 15.
Qd2 b4 16. Nc4 bxc3 17. bxc3 Rb3 18. Rfb1 Rxb1+ 19. Rxb1 Qc7 20. Qc2 Nd7 21.
Ncd2 Rc8 22. Kf2 Qd8 23. g4 Nd4 24. Bxd4 cxd4 25. c4 e5 26. f5 Bh6 27. h4 Be3+
28. Kg2 Nf6 29. g5 Nh5 30. Rb7 Nf4+ 31. Kh2 Rc7 32. Rb1 gxf5 33. exf5 Qc8 34.
Ne4 Qxf5 35. Nf6+ Kg7 36. Nh5+ Nxh5 0-1

[Event "35t. Copenhagen Open (Politiken Cup)"]
[Site "Elsinore"]
[Date "2013.07.27"]
[Round "1"]
[White "Nordstrom, Hakon N"]
[Black "Nilsen, Joachim Birger"]
[Result "0-1"]
[WhiteElo "1830"]
[BlackElo "2259"]
[PlyCount "60"]
[EventDate "2013.07.27"]
[EventType "swiss"]
[EventRounds "10"]
[EventCountry "DEN"]
[Source "ChessBase"]
[SourceDate "2013.08.26"]

1. d4 e6 2. e4 d5 3. e5 b6 4. Nf3 Qd7 5. Bd3 Ba6 6. O-O c5 7. c3 Bxd3 8. Qxd3
Nc6 9. Be3 c4 10. Qe2 Nge7 11. Nbd2 Rc8 12. b3 Na5 13. b4 Nac6 14. a4 Ng6 15.
Ne1 Be7 16. f4 f5 17. g4 fxg4 18. Qxg4 O-O 19. Nef3 Rf5 20. h4 Rcf8 21. Ng5
Bxg5 22. fxg5 Qf7 23. h5 Nf4 24. Bxf4 Rxf4 25. Rxf4 Qxf4 26. Qxe6+ Kh8 27. Qxc6
Qxd2 28. Qxd5 Qxc3 29. Rd1 Qe3+ 30. Kh2 Qe2+ 0-1